| 000 | 00663nam a2200217 u 4500 | ||
|---|---|---|---|
| 005 | 20240803063719.0 | ||
| 008 | 100520s2007 es r 000 0 spa d | ||
| 020 | _a9788466369800 | ||
| 035 | _aUPN01000175979 | ||
| 049 | _aCG | ||
| 050 | 4 |
_aPQ7494 M6.2 _bO8.3a |
|
| 100 | 1 |
_aMonterroso, Augusto, _d1921-2003 |
|
| 245 | 1 | 3 |
_aLa oveja negra y demás fábulas / _cAugusto Monterroso. |
| 260 |
_aMadrid : _bPunto de Lectura, _c2007. |
||
| 300 |
_a74 p. : _bil. |
||
| 440 | 0 |
_aPunto de lectura ; _v205/1 |
|
| 586 | _aPremio Príncipe de Asturias de las Letras 2000 | ||
| 650 | 7 |
_aAnimales en la literatura _2 _91055 |
|
| 650 | 4 |
_aFábulas _98251 |
|
| 905 | _aLibro | ||
| 999 |
_c148082 _d148082 |
||